[Event "12. Online Aktivschach WM"]
[Site "Schachcomputer.info"]
[Date "2015.12.29"]
[Round "2.6"]
[White "Tasc CM 32 MHz King 2.54"]
[Black "Saitek Risc 2500"]
[Result "1/2-1/2"]
[WhiteElo "2376"]
[BlackElo "2244"]
[PlyCount "147"]

1. d4 Nf6 2. c4 e5 3. dxe5 Ng4 4. e4 Nxe5 5. f4 Ng6 6. Nf3 Bb4+ 7. Nc3 O-O 8.
Be3 d6 9. Qb3 Nc6 10. O-O-O Bxc3 11. Qxc3 Qe7 12. f5 Nge5 13. c5 Ng4 14. Bg5
Qxe4 15. Bd3 Qa4 16. Bc2 Qxa2 17. f6 g6 18. cxd6 Nf2 19. d7 Bxd7 20. Rxd7 Nxh1
21. Qe1 Na5 22. Rd3 Nc4 23. Rb3 Rfe8 24. Qf1 Ne5 25. Qxh1 Nxf3 26. gxf3 Rad8
27. Be3 Qa1+ 28. Bb1 Rd6 29. Bd2 Qa4 30. Rd3 Rxf6 31. Qd1 Rc6+ 32. Bc3 Qf4+ 33.
Rd2 Ra6 34. b3 Rd8 35. Qe1 Rad6 36. Qg3 Qe3 37. f4 Re8 38. Qxe3 Rxe3 39. Rc2 f6
40. Ba2 Rf3 41. b4+ Kf8 42. Bd2 c6 43. b5 Kg7 44. Bb4 Rd4 45. Bc5 Ra4 46. bxc6
bxc6 47. Kb2 Rfxf4 48. Bb3 Ra6 49. Re2 Rh4 50. Re7+ Kh6 51. Be3+ g5 52. Bc2 Kh5
53. Bf2 Rb4+ 54. Kc3 Rb5 55. Rxh7+ Kg4 56. Bxa7 f5 57. Bd1+ Kf4 58. Re7 Ra3+
59. Kc4 Rh3 60. Re2 g4 61. Bc5 Kg5 62. Ba4 Rb1 63. Bxc6 Rc1+ 64. Kd4 f4 65.
Re5+ Kf6 66. Be7+ Kg7 67. Rg5+ Kf7 68. Bc5 Rxh2 69. Rf5+ Kg6 70. Rxf4 Kg5 71.
Be4 Rxc5 72. Rxg4+ Kxg4 73. Kxc5 Kf4 74. Bb7 {R.} 1/2-1/2

[Event "12. Online Aktivschach WM"]
[Site "Schachcomputer.info"]
[Date "2016.01.10"]
[Round "2.7"]
[White "Novag Star Diamond"]
[Black "Revelation II Diablo"]
[Result "1/2-1/2"]
[WhiteElo "2183"]
[BlackElo "2169"]
[PlyCount "223"]

1. d4 e6 2. c4 f5 3. g3 Nf6 4. Bg2 Be7 5. Nf3 d6 6. O-O O-O 7. Nc3 a5 8. b3 Ne4
9. Bb2 Bf6 10. Qc2 Nxc3 11. Bxc3 Bd7 12. d5 exd5 13. cxd5 Na6 14. Nd4 Qe7 15.
Rac1 Nc5 16. e3 a4 17. b4 Ne4 18. Ba1 Rfc8 19. f3 Ng5 20. Rfe1 Bxd4 21. Bxd4 c6
22. dxc6 bxc6 23. Red1 a3 24. Qd3 Rcb8 25. Bc3 d5 26. Qd4 Ne6 27. Qe5 Qf7 28.
Qd6 Rb7 29. Rb1 Nc7 30. Bf1 Nb5 31. Bxb5 Rxb5 32. Rb3 Qe6 33. Be5 Rb7 34. Qxe6+
Bxe6 35. Rd4 Ra6 36. Rbd3 Kf7 37. Kf2 Bc8 38. Rc3 Ke6 39. Bf4 h6 40. e4 fxe4
41. fxe4 dxe4 42. Rxe4+ Kf6 43. Bd6 Rf7 44. Rf3+ Kg6 45. Rxf7 Kxf7 46. Ke3 Bf5
47. Re5 Be6 48. Ra5 Bc8 49. Kd4 Ke6 50. Kc5 Bb7 51. Bf4 g5 52. Bc1 Ke5 53. Rxa6
Bxa6 54. Kxc6 Bc4 55. b5 Bxa2 56. Bxa3 Bd5+ 57. Kc7 Ke4 58. Bf8 h5 59. h4 gxh4
60. gxh4 Kf4 61. Be7 Ke5 62. b6 Ke6 63. Bc5 Ke5 64. Bd6+ Ke6 65. Bf8 Kf7 66.
Bh6 Kg6 67. Bd2 Kf5 68. Bc3 Ke4 69. Kb8 Kd3 70. Bg7 Ke4 71. Bb2 Kf3 72. Bc1 Kg4
73. Bg5 Kf5 74. Be3 Kg4 75. Bf2 Kf3 76. Be1 Ke2 77. Bg3 Kf3 78. Bc7 Kg4 79. Bd8
Kf5 80. Bg5 Ke4 81. Bd2 Kd3 82. Bh6 Kd4 83. Bf4 Ke4 84. Bd6 Kf5 85. Bb4 Kg4 86.
Be7 Kf5 87. Kc8 Ke6 88. Ba3 Bc4 89. Bc5 Ba6+ 90. Kc7 Kd5 91. Bb4 Kc4 92. Bf8
Kd4 93. Ba3 Ke5 94. Bb4 Kd5 95. Bc3 Kc4 96. Be5 Kd5 97. Bg7 Ke6 98. Bh6 Ke5 99.
Bc1 Kd4 100. Bf4 Ke4 101. Bh2 Kf5 102. Bg3 Kg4 103. Bf2 Kf3 104. Bd4 Kg4 105.
Bf6 Kf5 106. Bc3 Kg4 107. Be1 Kf3 108. Bd2 Ke4 109. Bc3 Kd3 110. Be1 Ke4 111.
Bg3 Kf3 112. Bd6 1/2-1/2

[Event "12. Online Aktivschach WM"]
[Site "Schachcomputer.info"]
[Date "2016.01.05"]
[Round "2.8"]
[White "Fidelity Elite V11"]
[Black "Resurrection Ruffian"]
[Result "0-1"]
[WhiteElo "2333"]
[BlackElo "2379"]
[PlyCount "136"]

1. c4 Nf6 2. Nc3 g6 3. g3 c5 4. Bg2 Nc6 5. Nf3 Bg7 6. O-O O-O 7. a3 d6 8. Rb1
d5 9. cxd5 Nxd5 10. Qb3 Nb6 11. d3 Nd4 12. Nxd4 cxd4 13. Na4 Be6 14. Qb4 Nxa4
15. Qxa4 Ba2 16. Ra1 Bd5 17. Qb5 e6 18. Bxd5 Qxd5 19. Qxd5 exd5 20. Bf4 Rfe8
21. Rfe1 Rac8 22. Rac1 f5 23. Rxc8 Rxc8 24. Rc1 Rc6 25. Rxc6 bxc6 26. b4 Kf7
27. Kg2 Ke6 28. h3 Bf6 29. Kf3 h5 30. Bb8 a6 31. h4 Bg7 32. Bf4 Bf8 33. Bc1 Be7
34. Bh6 Bf6 35. Bf4 Kd7 36. Bc1 Bd8 37. Bb2 Bb6 38. Kf4 Ke6 39. Kg5 Kf7 40. Kh6
Ba7 41. Bc1 c5 42. bxc5 Bxc5 43. Bb2 f4 44. gxf4 Bf8+ 45. Kh7 Be7 46. Bxd4 Bxh4
47. e4 Be7 48. a4 Bb4 49. f3 Bd2 50. f5 gxf5 51. exd5 h4 52. Bf2 h3 53. Bg3 f4
54. Bh2 Be3 55. d6 Bf2 56. Bxf4 Bg1 57. d7 Ke7 58. Kg6 Kxd7 59. Kf5 h2 60. Bxh2
Bxh2 61. f4 Kd6 62. Ke4 Ke6 63. f5+ Kd6 64. Kd4 Bg1+ 65. Kc4 Bf2 66. d4 Bh4 67.
Kb4 Bd8 68. f6 Ke6 0-1

[Event "12. Online Aktivschach WM"]
[Site "Schachcomputer.info"]
[Date "2016.01.04"]
[Round "2.9"]
[White "Revelation II London"]
[Black "Mephisto Magellan"]
[Result "0-1"]
[WhiteElo "2400"]
[BlackElo "2239"]
[PlyCount "180"]

1. e4 e5 2. Nf3 Nf6 3. d4 Nxe4 4. Bd3 d5 5. Nxe5 Bd6 6. O-O O-O 7. c4 Bxe5 8.
dxe5 Nc6 9. cxd5 Qxd5 10. Qc2 Nb4 11. Bxe4 Nxc2 12. Bxd5 Bf5 13. g4 Bxg4 14.
Be4 Nxa1 15. Bf4 f5 16. Bd5+ Kh8 17. Rc1 c6 18. Bg2 Rg8 19. h3 g5 20. Bh2 Bh5
21. Na3 Rgd8 22. Rxa1 Bf7 23. b3 Rd2 24. Nc4 Bxc4 25. bxc4 Rad8 26. Bf1 Kg7 27.
a4 Kf7 28. Ra3 Ke6 29. Rg3 h6 30. h4 gxh4 31. Rg6+ Kf7 32. Rf6+ Ke7 33. Kg2
Rg8+ 34. Kf3 Rd1 35. Ke2 Rc1 36. Rxf5 Rxc4 37. Rf4 Rxf4 38. Bxf4 h5 39. Be3 a5
40. Ke1 Rg4 41. f4 b5 42. axb5 cxb5 43. Bxb5 h3 44. Bc6 h2 45. Kf1 Ke6 46. Bg2
a4 47. Bc1 h4 48. Kf2 Rg3 49. Be4 a3 50. Bxa3 Rxa3 51. Kg2 Ra4 52. Bb7 Rxf4 53.
Kxh2 Rb4 54. Bc8+ Kxe5 55. Kh3 Kf4 56. Be6 Rd4 57. Bc8 Rd3+ 58. Kg2 Rc3 59. Be6
Rc6 60. Bd5 Rc5 61. Be6 Re5 62. Bc8 Re8 63. Bd7 Rd8 64. Bb5 Rd5 65. Ba6 Rd6 66.
Bc4 Rd4 67. Bb5 Rb4 68. Bd7 Rb7 69. Bc6 Rc7 70. Bd5 Ke5 71. Bb3 Rd7 72. Bc4 Rd4
73. Ba6 Ra4 74. Bc8 Ra8 75. Bd7 Kf4 76. Kh3 Ra3+ 77. Kg2 Ra7 78. Bc6 Kg4 79.
Bf3+ Kg5 80. Bc6 Ra2+ 81. Kh3 Ra3+ 82. Kh2 h3 83. Bd5 Kh4 84. Be6 Rd3 85. Bxh3
Rd2+ 86. Kg1 Kxh3 87. Kf1 Kg3 88. Ke1 Rf2 89. Kd1 Kf3 90. Ke1 Re2+ 0-1

[Event "12. Online Aktivschach WM"]
[Site "Schachcomputer.info"]
[Date "2016.01.01"]
[Round "2.10"]
[White "Pewatronic Master Chess"]
[Black "Tasc R30 V2.2"]
[Result "1/2-1/2"]
[WhiteElo "2203"]
[BlackElo "2367"]
[PlyCount "38"]

1. d4 c6 2. e4 d5 3. exd5 cxd5 4. c4 Nf6 5. Nc3 g6 6. Qb3 Bg7 7. cxd5 O-O 8. g3
Nbd7 9. Bg2 Nb6 10. Nge2 Bf5 11. O-O Qd7 12. a4 Bh3 13. Bxh3 Qxh3 14. Nf4 Qd7
15. a5 Nc8 16. Nd3 Qh3 17. Nf4 Qd7 18. Nd3 Qh3 19. Nf4 Qd7 1/2-1/2

[Event "12. Online Aktivschach WM"]
[Site "Schachcomputer.info"]
[Date "2016.01.04"]
[Round "2.11"]
[White "Mephisto Chess Challenger 40 MHz"]
[Black "Mephisto London 68030"]
[Result "1/2-1/2"]
[WhiteElo "2200"]
[BlackElo "2339"]
[Annotator "Wiselius,Paul"]
[PlyCount "157"]

1. e4 d6 2. d4 Nf6 3. Nc3 g6 4. Nf3 Bg7 5. Be2 O-O 6. O-O Bg4 7. Qd2 {?
errechnet. 7. h3 und danach Le3 war besser. Jetzt ist der laufer auf c1
eingeschlossen...} Nc6 {* errechnet} 8. d5 Bxf3 9. Bxf3 Ne5 10. Be2 c6 11. f4
Neg4 12. Bf3 cxd5 13. Nxd5 Nxd5 14. exd5 Qb6+ 15. Kh1 Nh6 16. c3 Nf5 17. Be4 e6
18. Rd1 Rad8 19. dxe6 fxe6 20. a4 d5 21. a5 Qc5 22. a6 Rd7 23. axb7 Rxb7 24.
Bf3 Rc8 25. g3 a5 26. Re1 Rc6 27. Bg2 Rb8 28. Ra3 Kh8 29. Ra4 Qb5 30. Ra1 Qb6
31. Ra2 Ra8 32. Ra3 Rd8 33. Ra4 Rdc8 34. Qe2 Rb8 35. Qd3 Kg8 36. Qd2 Rf8 37.
Re2 Qb5 38. Ra1 Rfc8 39. Qe1 Nd4 40. cxd4 {...Tf2 wäre vielleicht besser...}
Rxc1 41. Rxc1 Rxc1 42. Qxc1 Qxe2 43. Qc8+ Bf8 44. h4 Kf7 45. Qb7+ {? ...
verliert der bauer auf d4...} Be7 46. Kh2 Qd2 47. Qb6 Qb4 48. Qxb4 axb4 49. b3
Bf6 50. Bf3 Ke7 51. Kh3 Bxd4 52. h5 Be3 53. Kg4 Kf6 54. hxg6 hxg6 55. Bh1 g5
56. Bg2 Bd2 57. Bh3 gxf4 58. gxf4 Be3 59. Kf3 Bc1 60. Bg2 Ke7 61. Kg4 Kd6 62.
f5 e5 63. f6 e4 64. Kf5 Bb2 65. f7 {? ...nicht gut...} Ke7 {? ...auch nicht
gut. Mit Lg7 hätte schwarz vielleicht gewinnen könnenz.b.} (65... Bg7 66. Kg6
Bf8 67. Kf5 Kc5 68. Bf1 Kd4 69. Ba6 Ke3 70. Bb7 Kf2 71. Bxd5 e3 72. Bc4 e2 73.
Bxe2 Kxe2) 66. Kg6 Kf8 67. Bh3 e3 68. Bf1 Bh8 69. Be2 Bc3 70. Bh5 Be5 71. Kf5
Bc7 72. Ke6 d4 73. Be2 Bb8 74. Kd5 Ba7 75. Ke6 Bb6 76. Bc4 Bc5 77. Kd5 Ba7 78.
Kc6 Kg7 79. Kb5 {... und wir einigten uns auf remise...} 1/2-1/2

[Event "12. Online Aktivschach WM"]
[Site "Schachcomputer.info"]
[Date "2016.01.07"]
[Round "2.12"]
[White "Mephisto Chess Explorer 32 MHz"]
[Black "Mephisto Montreux"]
[Result "1/2-1/2"]
[WhiteElo "2150"]
[BlackElo "2257"]
[PlyCount "113"]

1. d4 Nf6 2. c4 c6 {Buchende weiss} 3. Nc3 {Buchende schwarz} d5 4. e3 e6 {
Schwarz wieder im buch} 5. cxd5 {und wieder raus} cxd5 6. Nf3 Bd6 7. Bd3 Nc6 8.
Nb5 Bb4+ {wieder Buchzug} 9. Bd2 Bxd2+ 10. Qxd2 {endgültig Buchende} Ne4 {Bb4+}
11. Bxe4 dxe4 12. Ng1 O-O 13. Ne2 Qg5 14. Nc7 Rb8 15. O-O Bd7 16. d5 Ne5 17.
Ng3 Rfc8 18. dxe6 Rxc7 19. Qd6 Rbc8 20. exd7 Rxd7 21. Qa3 Nd3 22. Qxa7 Qd5 23.
Qa4 f5 24. Rfd1 Rc4 25. Qb3 g6 26. Rd2 Rdc7 27. Rad1 Rc8 28. Ne2 R4c5 29. Qxd5+
Rxd5 30. f3 Rb5 31. b3 Ra5 32. Ng3 Re8 33. fxe4 fxe4 34. a4 Rd5 35. Nxe4 Rxe4
36. Rxd3 Rxd3 37. Rxd3 Rb4 38. Kf2 Kf8 39. Kf3 g5 40. e4 Ke7 41. g3 Kf7 42. h4
h6 43. Re3 Kf6 44. e5+ Ke6 45. hxg5 hxg5 46. Kg2 g4 47. Kf1 Rd4 48. Ke2 b6 49.
Kf2 Rd2+ 50. Kf1 Rd1+ 51. Kg2 Rd2+ 52. Kg1 Rd1+ 53. Kh2 Rd2+ 54. Kh1 Rd1+ 55.
Kg2 Rd2+ 56. Kh1 Rd1+ 57. Kg2 1/2-1/2

[Event "12. Online Aktivschach WM"]
[Site "Schachcomputer.info"]
[Date "2016.01.07"]
[Round "2.13"]
[White "Millennium ChessGenius"]
[Black "Mephisto Milano Pro"]
[Result "1-0"]
[WhiteElo "2200"]
[BlackElo "2163"]
[PlyCount "59"]

1. e4 c6 2. d4 d5 3. Nd2 dxe4 4. Nxe4 Bf5 5. Ng3 Bg6 6. Bc4 e6 7. h4 Nf6 8. h5
Be4 9. Nxe4 Nxe4 10. c3 Nd7 11. Qe2 Ndf6 12. h6 g6 13. Bd3 Qd5 14. Nf3 O-O-O
15. a4 Be7 16. a5 b5 17. axb6 axb6 18. Ra7 Rde8 19. Bc4 Nxc3 20. bxc3 Qe4 21.
Qxe4 Nxe4 22. Ba6+ Kb8 23. Rb7+ Ka8 24. Ne5 Nxc3 25. Rd7 Rc8 26. Bxc8 Rxc8 27.
Rxe7 Nb5 28. Rxf7 Rc7 29. Rxc7 Nxc7 30. Nxg6 1-0

[Event "12. Online Aktivschach WM"]
[Site "Schachcomputer.info"]
[Date "2016.01.11"]
[Round "2.14"]
[White "Novag Sapphire II"]
[Black "Fidelity Designer 68030 50 MHz"]
[Result "0-1"]
[WhiteElo "2153"]
[BlackElo "2180"]
[PlyCount "151"]

1. Nf3 c5 2. c4 Nf6 3. d4 cxd4 4. Nxd4 e6 5. Nc3 Nc6 6. Ndb5 Bc5 7. a3 O-O 8.
b4 Be7 9. e4 d6 10. Bg5 a5 11. Rb1 axb4 12. axb4 h6 13. Be3 Re8 14. f4 d5 15.
e5 Ne4 16. Nxe4 dxe4 17. Nd6 Bxd6 18. exd6 Ra3 19. Qd2 e5 20. Be2 exf4 21. Bxf4
e3 22. Qb2 Ra4 23. O-O Rxb4 24. Qc3 Rxb1 25. Rxb1 Re4 26. Bxe3 Qxd6 27. Ra1 Qe5
28. Qxe5 Nxe5 29. Ra8 Kh7 30. Rxc8 Rxe3 31. Kf2 Rc3 32. Rc5 f6 33. Rc7 b6 34.
h4 f5 35. h5 f4 36. Ke1 Kg8 37. Kd1 Kh8 38. Kd2 Rg3 39. Rc8+ Kh7 40. Re8 Rxg2
41. Rxe5 f3 42. Kd3 fxe2 43. Kd2 Rg4 44. Kd3 g5 45. hxg6+ Kxg6 46. Rxe2 Rf4 47.
Rg2+ Kf7 48. Rh2 Kg7 49. Rg2+ Kh7 50. Rb2 Rf6 51. Rb5 Kg6 52. c5 bxc5 53. Rxc5
Re6 54. Rc1 h5 55. Rg1+ Kf5 56. Rf1+ Kg4 57. Rg1+ Kf3 58. Rh1 Rh6 59. Rh4 Kg3
60. Re4 Rf6 61. Re8 h4 62. Rg8+ Kf3 63. Rh8 Rd6+ 64. Kc4 Kg3 65. Rg8+ Kh2 66.
Rh8 h3 67. Rh7 Kg2 68. Rg7+ Kh1 69. Rb7 Rd1 70. Re7 h2 71. Rg7 Rg1 72. Re7 Kg2
73. Rg7+ Kf3 74. Rf7+ Ke4 75. Rh7 h1=Q 76. Rxh1 0-1

[Event "12. Online Aktivschach WM"]
[Site "Schachcomputer.info"]
[Date "2016.01.14"]
[Round "3.1"]
[White "Revelation II Vancouver"]
[Black "Tasc CM 32 MHz Gideon 3.1"]
[Result "0-1"]
[WhiteElo "2350"]
[BlackElo "2377"]
[PlyCount "120"]

1. e4 c6 2. d4 d5 3. exd5 cxd5 4. Bd3 Nc6 5. c3 Nf6 6. Bf4 g6 7. h3 Nh5 8. Bg5
f6 9. Be3 e5 10. Ne2 Bd6 11. O-O e4 12. Bb5 a6 13. Ba4 Bc7 14. Re1 Qd6 15. Kf1
Qh2 16. Ng1 Qh1 17. Na3 Bh2 18. Ke2 Qxg2 19. Qb3 Bd7 20. Qxb7 Rb8 21. Qxa6
Rxb2+ 22. Kd1 Ne7 23. Kc1 Rb8 24. Kc2 Bxa4+ 25. Qxa4+ Kf7 26. Nb5 Nf5 27. Ne2
Qxh3 28. Qa7+ Ne7 29. Qa6 Ra8 30. Qb6 Rhb8 31. Qc5 Ng7 32. Nc7 Bxc7 33. Qxc7 g5
34. Rh1 Qf3 35. Ng3 h5 36. Rhb1 Rxb1 37. Rxb1 Rxa2+ 38. Kb3 Ra8 39. Qb7 Rc8 40.
Ra1 Ne8 41. Qb4 h4 42. Nf1 Qe2 43. Nd2 Nc7 44. Rc1 Nb5 45. c4 dxc4+ 46. Nxc4
Rb8 47. Qd2 Nxd4+ 48. Ka2 Rd8 49. Qxe2 Nxe2 50. Re1 Nd5 51. Bd2 Nb6 52. Ba5 Ra8
53. Nd6+ Kg6 54. Rxe2 Rxa5+ 55. Kb2 f5 56. Rc2 Rc5 57. Re2 h3 58. Nb7 Rb5+ 59.
Kc1 Nc4 60. Nd6 Nxd6 0-1

[Event "12. Online Aktivschach WM"]
[Site "Schachcomputer.info"]
[Date "2016.01.17"]
[Round "3.2"]
[White "Revelation II Lyon"]
[Black "Tasc CM 32 MHz Gideon 3.0"]
[Result "1/2-1/2"]
[WhiteElo "2310"]
[BlackElo "2353"]
[PlyCount "121"]

1. c4 c6 2. d4 d5 3. Nf3 Nf6 4. Nc3 dxc4 5. e4 b5 6. e5 Nd5 7. Ng5 f6 8. Nge4
f5 9. Ng5 g6 10. Be2 e6 11. O-O Bb4 12. Qc2 Be7 13. Nf3 Bb7 14. b3 cxb3 15.
axb3 Nb4 16. Qb2 a5 17. Bh6 Nd7 18. Qd2 Qb6 19. Ng5 Bxg5 20. Bxg5 O-O 21. Rfc1
Rf7 22. h3 Qa6 23. Na4 Nd5 24. Bh6 Kh8 25. Qg5 Qa7 26. Nc5 Nxc5 27. Rxc5 Qb6
28. Bf3 a4 29. bxa4 bxa4 30. Qc1 Rd7 31. Bd2 Qd8 32. Rc4 Nb6 33. Bg5 Qc7 34.
Rb4 Nd5 35. Rbxa4 Rxa4 36. Rxa4 Kg8 37. Qc5 Qb8 38. Ra1 Qf8 39. Qa5 h6 40. Bc1
Kh7 41. Ba3 Qd8 42. Qxd8 Rxd8 43. Bc5 Kg7 44. Ra7 Rd7 45. g4 Nf4 46. gxf5 gxf5
47. h4 Ng6 48. h5 Nf4 49. Ra3 Nd5 50. Kg2 Kf7 51. Kg3 Rd8 52. Be2 Rd7 53. Bc4
Kg7 54. Kf3 Kf7 55. Rb3 Kg7 56. Rb1 Kg8 57. Rg1+ Rg7 58. Ra1 Kh7 59. Ra7 Rc7
60. Bd3 Kg8 61. Bf1 {R.} 1/2-1/2

[Event "12. Online Aktivschach WM"]
[Site "Schachcomputer.info"]
[Date "2016.01.24"]
[Round "3.3"]
[White "Saitek Risc 2500"]
[Black "Tasc R30 V2.5"]
[Result "0-1"]
[WhiteElo "2244"]
[BlackElo "2368"]
[PlyCount "92"]

1. e4 c6 2. d4 d5 3. Nc3 dxe4 4. Nxe4 Bf5 5. Ng3 Bg6 6. h4 h6 7. Nf3 Nd7 8. h5
Bh7 9. Bd3 Bxd3 10. Qxd3 Qc7 11. Bd2 Ngf6 12. O-O-O e6 13. Ne4 O-O-O 14. g3
Nxe4 15. Qxe4 Bd6 16. c4 c5 17. Bc3 Nf6 18. Qe2 {R30 rechnet} cxd4 {Risc
rechnet} 19. Nxd4 Qb6 20. Kb1 Bc5 21. Rh4 Kb8 22. Qe5+ Ka8 23. Qe3 Rd7 24. f3
Rhd8 25. Qe5 Nxh5 26. Qxh5 Bxd4 27. Bxd4 Rxd4 28. Rdxd4 Rxd4 29. Qxf7 Rd1+ 30.
Kc2 Rd8 31. Qe7 Qf2+ 32. Kb3 Rd3+ 33. Ka4 Qc2+ 34. Ka5 Qd2+ 35. Ka4 b6 36. Kb5
Rd7 37. Qa3 Rf7 38. Ka6 {R30 kündigt Matt in 9 an} Rf5 39. Rh5 g5 40. Rxg5
hxg5 41. b4 Qd4 42. Qb3 Qd7 43. c5 Qc8+ 44. Kb5 Rxc5+ 45. bxc5 Qxc5+ 46. Ka4
Qa5# 0-1

[Event "12. Online Aktivschach WM"]
[Site "Schachcomputer.info"]
[Date "2016.01.17"]
[Round "3.4"]
[White "Mephisto Atlanta 32 MHz"]
[Black "Novag Star Diamond"]
[Result "1/2-1/2"]
[WhiteElo "2301"]
[BlackElo "2183"]
[PlyCount "102"]

1. e4 e5 2. Bc4 Nf6 3. d4 exd4 4. Nf3 Nc6 5. O-O Nxe4 6. Re1 d5 7. Bxd5 Qxd5 8.
Nc3 Qa5 9. Nxe4 Be6 10. Bd2 Bb4 11. Nxd4 Nxd4 12. c3 O-O 13. cxb4 Qd5 14. Rc1
b6 15. Rxc7 Rad8 16. Rxa7 Nc6 17. Ra3 Bf5 18. Ng3 Qxd2 19. Qxd2 Rxd2 20. Nxf5
Nxb4 21. Rae3 Rxb2 22. Rb3 Rxb3 23. Ne7+ Kh8 24. axb3 Ra8 25. h3 g6 26. Re4 Nd3
27. Nd5 Kg7 28. Rd4 Ra1+ 29. Kh2 Nxf2 30. Nxb6 Re1 31. Nd5 Ne4 32. b4 Nd6 33.
Nc7 Nf5 34. Rd3 Rc1 35. Nd5 Rb1 36. Rc3 Rb2 37. Rc4 h6 38. Re4 g5 39. Rc4 h5
40. Rc5 Nd4 41. Rc3 Kg6 42. Ne7+ Kf6 43. Re3 Nf3+ 44. Rxf3+ Kxe7 45. Rf5 f6 46.
h4 Ke6 47. Rc5 Rxb4 48. hxg5 Rh4+ 49. Kg1 Kd6 50. Ra5 fxg5 51. Rxg5 Ke6 1/2-1/2

[Event "12. Online Aktivschach WM"]
[Site "Schachcomputer.info"]
[Date "2016.01.19"]
[Round "3.5"]
[White "Tasc R30 V2.23"]
[Black "Tasc CM 32 MHz King 2.54"]
[Result "1-0"]
[WhiteElo "2367"]
[BlackElo "2376"]
[PlyCount "124"]

1. d4 d5 2. c4 Nc6 3. Nc3 dxc4 4. d5 Ne5 5. f4 Ng4 6. e4 e5 7. f5 h5 8. Be2 Bc5
9. Nf3 Bd7 10. Qc2 Bf2+ 11. Kf1 Ne3+ 12. Bxe3 Bxe3 13. Nxe5 Qh4 14. Bxc4 Ne7
15. g3 Qf6 16. Nxd7 Kxd7 17. Bb5+ Kc8 18. Re1 Bd4 19. Kg2 a6 20. Be2 Kb8 21.
Rd1 h4 22. Qd2 h3+ 23. Kf1 Be5 24. Ke1 Rd8 25. Qe3 b6 26. Bg4 Kb7 27. Bxh3 c6
28. dxc6+ Qxc6 29. Kf2 f6 30. Bg4 Qc4 31. Be2 Qc6 32. Rxd8 Rxd8 33. Rd1 Rc8 34.
Kg1 b5 35. Bf3 Kb8 36. Rd2 Qc7 37. Nd5 Nxd5 38. exd5 Bd6 39. Kg2 Kb7 40. Qe6
Qc1 41. Re2 Rd8 42. Be4 Kb8 43. Rc2 Qd1 44. a3 a5 45. Qf7 Qg4 46. Bf3 Qxf5 47.
Rc6 Qd7 48. Qg6 f5 49. g4 Qe7 50. Rb6+ Ka7 51. Rxb5 Ka6 52. Rc5 Qe5 53. Rc6+
Kb5 54. Kf1 Qxh2 55. gxf5 Qf4 56. Qg2 Re8 57. Qf2 Re3 58. Be2+ Rxe2 59. Qxf4
Bxf4 60. Kxe2 a4 61. Kd3 Be5 62. Kc2 Bf6 1-0

[Event "12. Online Aktivschach WM"]
[Site "Schachcomputer.info"]
[Date "2016.01.18"]
[Round "3.6"]
[White "Resurrection Ruffian"]
[Black "Millennium ChessGenius"]
[Result "1-0"]
[WhiteElo "2379"]
[BlackElo "2200"]
[PlyCount "103"]

1. e4 d6 2. d4 Nf6 3. Nc3 g6 4. f4 Bg7 5. Nf3 O-O 6. Bd3 Na6 7. O-O c5 8. d5
Rb8 {*} 9. Qe2 Nc7 10. a4 {*} h6 11. Bc4 a6 12. Qd3 Qe8 13. Be3 b5 14. axb5
axb5 15. Ba2 Ng4 16. Bd2 b4 17. Nd1 Ra8 18. c4 Qa4 19. e5 b3 20. Nc3 Qa7 21. h3
Bf5 22. Qe2 Nxe5 23. fxe5 bxa2 24. Nh4 Bb1 25. Bf4 g5 26. exd6 gxf4 27. dxc7
Qxc7 28. Nxb1 axb1=Q 29. Raxb1 Bd4+ 30. Kh1 Rfb8 31. Nf5 Kf8 32. Qh5 Rb6 33.
Rbe1 Re8 34. Nxh6 Rg6 35. Re6 Rg7 36. Re4 Bxb2 37. Rfxf4 Bf6 38. Nf5 Rg6 39.
Nh4 Qxf4 40. Rxf4 Rg5 41. Qh6+ Kg8 42. d6 Ra8 43. dxe7 Bxe7 44. Re4 Rc8 45.
Rxe7 Rg7 46. Re3 Ra8 47. Nf5 Ra1+ 48. Kh2 Rxg2+ 49. Kxg2 Ra2+ 50. Kf3 Rf2+ 51.
Kxf2 f6 52. Qg7# 1-0

[Event "12. Online Aktivschach WM"]
[Site "Schachcomputer.info"]
[Date "2016.01.21"]
[Round "3.7"]
[White "Tasc R30 Gideon"]
[Black "Fidelity Designer 68030 50 MHz"]
[Result "1/2-1/2"]
[WhiteElo "2318"]
[BlackElo "2180"]
[PlyCount "153"]

1. Nf3 d5 2. d4 Nf6 3. c4 c6 4. Nc3 e6 5. e3 Nbd7 6. Bd3 Bb4 7. a3 Ba5 8. O-O
O-O 9. Qc2 dxc4 10. Bxc4 Bc7 {Gideon rechnet} 11. e4 {Mach rechnet} h6 12. Ne2
b6 13. Be3 Bb7 14. Rac1 c5 15. Bd3 Rc8 16. dxc5 Bd6 17. b4 bxc5 18. Qb1 a6 19.
Rfd1 cxb4 20. Rxc8 Qxc8 21. axb4 Qa8 22. Ng3 Bxg3 23. hxg3 Nxe4 24. Rc1 Nef6
25. Be2 Rc8 26. Rxc8+ Qxc8 27. Bd4 Bxf3 28. Bxf3 e5 29. Bb2 Qc4 30. Qe1 Qb3 31.
Qc3 Qxc3 32. Bxc3 e4 33. Be2 Nd5 34. Bd2 Nc7 35. f3 Nf6 36. Kf2 g5 37. Ke3 exf3
38. gxf3 Kf8 39. Kd4 Nd7 40. Ke4 Kg7 41. f4 f6 42. f5 Kf8 43. Bc3 Ke7 44. Bd4
Kd6 45. Bc3 Kc6 46. Bb2 Nb5 47. Kf3 h5 48. Kg2 Nd6 49. Bxa6 Nxf5 50. Bc8 Ne3+
51. Kf3 Ng4 52. b5+ Kc7 53. Bxd7 Kxd7 54. Bc3 Ne5+ 55. Kg2 Kc7 56. Bd4 Kb7 57.
Kf2 Ng4+ 58. Kg2 Kc8 59. Bc3 Ne5 60. Bd4 Kc7 61. Kf2 Ng4+ 62. Kg2 f5 63. Kf3
Kc8 64. Bc3 Nh6 65. Bf6 Nf7 66. Be7 Kd7 67. Bf6 Ke6 68. Bc3 Ne5+ 69. Kg2 Kd5
70. Bd2 g4 71. Be3 Ng6 72. Kh2 h4 73. gxh4 Nxh4 74. Kg3 Ng6 75. Bg1 Kd6 76. Bb6
Kd7 77. Be3 1/2-1/2

[Event "12. Online Aktivschach WM"]
[Site "Schachcomputer.info"]
[Date "2016.01.15"]
[Round "3.8"]
[White "Millennium ChessGenius 80 MHz"]
[Black "Mephisto Magellan"]
[Result "1-0"]
[WhiteElo "2250"]
[BlackElo "2239"]
[PlyCount "115"]

1. d4 d5 2. c4 e6 3. Nc3 Nf6 4. Bg5 Be7 5. e3 O-O 6. Rc1 Nbd7 7. Nf3 c6 8. Bd3
dxc4 9. Bxc4 Nd5 10. Bxe7 Qxe7 {Buchende weiss} 11. O-O Nxc3 12. bxc3 c5 13.
Qc2 {Buchende schwarz} b6 14. Qe4 Rb8 15. Bd3 f5 16. Qc6 Bb7 17. Qc7 Bxf3 18.
gxf3 Rfc8 19. Qxa7 Ra8 20. Qb7 Rab8 21. Qa6 Ra8 22. Qb5 cxd4 23. cxd4 Rxc1 24.
Rxc1 Rxa2 25. Bc4 Ra5 26. Qc6 Kf7 27. Qc7 h6 28. Rb1 g5 29. Bb5 Nf6 30. Qxb6
Ra8 31. Bc4 Nd7 32. Qb5 Kf6 33. Qc6 Rb8 34. Rb5 Qf7 35. Rxb8 Nxb8 36. Qd6 Nd7
37. Bb5 Nf8 38. Qe5+ Kg6 39. d5 Kh7 40. d6 Kg8 41. Qd4 Qg7 42. Qxg7+ Kxg7 43.
d7 Nxd7 44. Bxd7 Kf6 45. f4 gxf4 46. exf4 e5 47. Kg2 exf4 48. h4 Kg6 49. Be8+
Kf6 50. Kf3 Ke7 51. Bh5 Ke6 52. Kxf4 Kf6 53. Bd1 Kg6 54. h5+ Kf6 55. Bb3 Ke7
56. Kxf5 Kd6 57. f4 Kd7 58. Kg6 1-0

[Event "12. Online Aktivschach WM"]
[Site "Schachcomputer.info"]
[Date "2016.01.17"]
[Round "3.9"]
[White "Revelation II Diablo"]
[Black "Mephisto Atlanta"]
[Result "1/2-1/2"]
[WhiteElo "2169"]
[BlackElo "2266"]
[PlyCount "166"]

1. d4 e6 2. Nf3 d5 3. c4 c6 4. Nc3 Nf6 5. e3 Nbd7 6. Bd3 Bd6 7. e4 dxe4 8. Nxe4
Nxe4 9. Bxe4 O-O 10. O-O c5 11. Bg5 {*} Qb6 {*} 12. d5 f5 13. Bc2 e5 14. Bc1 e4
15. Ng5 Nf6 16. Qe2 h6 17. Nh3 Qc7 18. g3 b5 19. Nf4 bxc4 20. Rd1 Qf7 21. Qxc4
Bb7 22. Bb3 Rfd8 23. Ne6 Rd7 24. Be3 Rc8 25. Rac1 a6 26. f3 exf3 27. Qf1 Qh5
28. Rd2 Ne4 29. Rdc2 Bxg3 30. hxg3 Nxg3 31. Rh2 Nxf1 32. Rxh5 Nxe3 33. Rxc5 Kf7
34. Rxc8 Bxc8 35. Kf2 g6 36. Rh1 Ng4+ 37. Kxf3 Bb7 38. Rd1 Nf6 39. Rh1 h5 40.
Rd1 Ke7 41. Nc5 Bxd5+ 42. Kf4 Bxb3 43. Re1+ Ne4 44. Nxd7 Be6 45. Nb8 Kf6 46. b3
a5 47. Nc6 Nc3 48. a3 g5+ 49. Ke3 Bxb3 50. Nxa5 Ba4 51. Kd4 Nb5+ 52. Kc5 Nc7
53. Kb4 Be8 54. Kc5 f4 55. Kd6 Nb5+ 56. Kc5 Bd7 57. Nc4 Nc3 58. Kb4 Nd5+ 59.
Kc5 Be6 60. Kd6 Nc7 61. Nd2 Ne8+ 62. Kc5 g4 63. Re4 f3 64. Re3 Ng7 65. Nxf3 Nf5
66. Rd3 gxf3 67. Rxf3 Ke5 68. Rh3 Ng7 69. Rh2 Bg4 70. a4 Ne6+ 71. Kb6 Nf4 72.
a5 Nd5+ 73. Kb7 Bf3 74. Rh3 Bd1 75. a6 Kd6 76. a7 Ba4 77. Rxh5 Bc6+ 78. Kb8 Nb6
79. Rh3 Na8 80. Rc3 Bd5 81. Kc8 Ke7 82. Rc5 Nb6+ 83. Kc7 Na8+ 1/2-1/2